Регионална библиотека "Любен Каравелов" - Русе

Въздигната (Запис номер 177963)

MARC детайли
000 -Лидер
Контролно поле с фиксирана дължина 01455nam a2200373 c 4500
003 - Код на организацията, давaща контролен номер
Контролно поле BLK
005 - Дата и час на последна редакция
Контролно поле 20250118110643.0
008 - Елементи от данни с фиксирана дължина
fixed length control field 180411b bul|||||r ||||||| ||bul||
010 ## - Наследен системен номер
LC control number KNG00186660000
020 ## - Международен стандартен номер на книга ISBN
Международен стандартен номер на книга ISBN 978-954-641-067-2
-- издат.: Пергамент прес
040 ## - Източник на каталожния запис
Идентификатор на билиотеката - собственик на записа BLK
041 ## - Код за език
Код за езика на текст/звукозапис или на отделно заглавие Български
Код за езика КДБФ Български
072 #7 - Код за тематичната категория
Код организация bullib
Код за тематична категория Н8302
Текст Фантастика Н
080 ## - УДК
Текстов определител УДК Американска литература (на САЩ)
УДК код - определител по УДК 821.111(73)
УДК определител -312.9
УДК - код + определител 821.111(73)-312.9
100 1# - Редна дума - Автор
Автор Хокинг, Аманда
Авторска отговорност първи автор
R(LIN) 339113
139 ## - Редно поле
Редна дума Хокинг, Аманда
Авторски знак Хок - Х 59
245 10 - Сведения за заглавието
Заглавие Въздигната
Подзаглавни данни Роман
Редно поле (дума) Аманда Хокинг; прев. от англ. Станимир Ботев Йотов.
257 ## - Страна на издаване
Страна на създаване/издаване Съединени американски щати
260 ## - Област на издателските данни
-- София
Име на издателя, разпространителя и проч. Пергамент прес
Година на издаване 2013
Печатница София : Симолини
300 ## - Физическа характеристика
Страници 256 с.
Размери/Мащаб 20 см
380 ## - Жанр
Жанр Худож. лит.
490 1# - СЕРИИ (Колекции)
Име на серия Поредица Трил
№: серия Кн. 3
500 ## - Общи забележки
Забележка Ориг. загл. Torn / Amanda Hocking. Кн. 3 от трилогията Трил.
653 ## - Ключова дума – ненормативна
Ключова дума фентъзи
653 ## - Ключова дума – ненормативна
Ключова дума романи
659 ## - Тематичен бюлетин
Тематичен бюлетин Н
700 1# - Други автори (авторска отговорност)
Лично име Йотов, Станимир Ботев
9 (RLIN) 373004
852 ## - Местоположение
Форматна сигнатура Цб 276135
856 4# - Електронен адрес и достъп
Електронен формат pdf - файл
Път до файла /url/
856 4# - Електронен адрес и достъп
Електронен формат pdf - файл
Път до файла /url/
942 ## - АРТИКУЛИ
Вид на библиотечния материал Книги
Скрит в OPAC Не
Koha issues (borrowed), all copies 8
944 ## - СЪЗДАВАНЕ И РЕДАКЦИЯ на ЗАПИСА
Създаване/Редакция Създаване
Дата на регистрацията/редакция 19.02.2016
Статус, дата на статуса Цветомила Тодорова
Служител, извършил регистрацията/редакцията 30576
944 ## - СЪЗДАВАНЕ И РЕДАКЦИЯ на ЗАПИСА
Създаване/Редакция Редакция
Дата на регистрацията/редакция 03.01.2017
Статус, дата на статуса ф /
Служител, извършил регистрацията/редакцията Людмила_Стоянова
999 ## - СИСТЕМНИ КОНТРОЛНИ НОМЕРА
Koha biblionumber 177963
Koha biblioitemnumber 177963
Наличности
Код за отписване Код за изгубен артикул Код за повреда Коз за рестрикции Код за отдаване Артикулен № Име на библиотеката - собственик Име на библиотеката, в която се намира в момента Статус (Текущо местоположение) Дата на вписване в системата Местоположение - отдел Цена в лева Инвентарен номер Систематично азбучна сигнатура Баркод Номер на екземпляра Цена в евро Служебна бележка Служебен тип на артикула
  Не е изгубен Не е повреден без рестрикции заемане за дома 305790 Регионална библиотека "Любен Каравелов" Русе Регионална библиотека "Любен Каравелов" Русе Заемна - подръчен фонд 2016-02-19 Заемна - подръчен фонд 11.90 120000798125 П 820(73)-31/Х 59 120000798125 1 6.08 Дост: Pk Вид: Ф N: 456 Дата: 19.02.2016 Дата инв: 15.02.2018 Бележки инв: П2018 Книги
  Не е изгубен Не е повреден без рестрикции ползва се в читалня 305791 Регионална библиотека "Любен Каравелов" Русе Регионална библиотека "Любен Каравелов" Русе Хранилище 2016-11-14 Хранилище 11.90 120000805593 Цб 276135 120000805593 2 6.08 Дост: Dp Вид: Д N: 41 Дата: 16.09.2016 Книги
  Не е изгубен Не е повреден без рестрикции заемане за дома 305792 Регионална библиотека "Любен Каравелов" Русе Регионална библиотека "Любен Каравелов" Русе Заемна - подръчен фонд 2016-12-21 Заемна - подръчен фонд 5.00 120000806959 П 820(73)-31/Х 59 120000806959 3 2.56 Дост: Pk Вид: Ф N: 475 Дата: 19.12.2016 Книги
Vip Innovations Ltd, Rousse, Bulgaria 2025